000 00264nam a22000977a 4500
005 20250901165246.0
008 210301b ||||| |||| 00| 0 eng d
050 _aQZ150 .R93
245 _aInflammation
_cRYAN, GRAEME B.
942 _2lcc
_hQZ150 .R93 1977
999 _c1142
_d1142